Evénements du 20 avril - Statistiques

Statistiques générales
  • Ce quiz a été pris 48 fois
  • Le résultat moyen est 6 sur 15
Statistiques - réponses
Hint Réponse % Correct
Naissance d'Adolf Hitler 1889
82%
L'homosexualité n'est plus considérée comme une maladie mentale en Chine 2001
73%
Adieu de Napoléon à la Garde à Fontainebleau 1814
70%
Fondation de l'université La Sapienza de Rome 1303
61%
Manfred von Richthofen remporte sa 80e victoire aérienne 1918
61%
Jacques Cartier part de Saint-Malo 1534
52%
Naissance de Napoléon III 1808
45%
Ouverture de l'exposition universelle de Séville 1992
36%
Dernière représentation de Grease à New York 1980
33%
Transfert des cendres de Pierre et Marie Curie au Panthéon 1995
33%
James Cook prend possession de l'Australie 1770
30%
Naissance du peintre Joan Miro et de l'acteur Harold Lloyd 1893
24%
Pascal Paoli est élu général en chef de la nation corse 1755
21%
Naissance de l'ingénieur Marc Seguin 1786
15%
Publication par Léon XIII de l'encyclique Humanum Genus 1884
12%
Aucun quiz correspondant
Distribution des résultats
% des personnes avec chaque résultat
Percentile par nombre de réponses
Votre historique - résultats
Vous n’avez pas pris ce quiz